| 000 | 01924cam a2200397 i 4500 | ||
|---|---|---|---|
| 999 |
_c65003 _d65003 |
||
| 001 | 20403695 | ||
| 003 | CO-MdFUSB | ||
| 005 | 20190506113934.0 | ||
| 008 | 180312r20182013ilu g b 001 0 eng | ||
| 010 | _a 2018011457 | ||
| 020 | _a9780830838905 (hardcover : alk. paper) | ||
| 040 |
_aDLC _bspa _erda _cCO-MdBIC _dCO-MdFUSBC |
||
| 041 | _aeng | ||
| 042 | _apcc | ||
| 082 | 0 | 0 |
_224 _aG 270.82 _bS787g |
| 100 | 1 |
_aStanley, Brian, _d1953- _eautor. |
|
| 245 | 1 | 4 |
_aThe global diffusion of evangelicalism _b: the age of Billy Graham and John Stott _c/ Brian Stanley. |
| 264 | 1 |
_aDowners Grove : _bInterVarsity Press, _c℗[2018] |
|
| 264 | 4 | _c©2013 | |
| 300 |
_a283 páginas _c; 24 cm |
||
| 336 |
_2rdacontent _atexto _btxt |
||
| 337 |
_2rdamedia _asin mediación _bn |
||
| 338 |
_2rdacarrier _avolumen _bnc |
||
| 490 | 0 | _aA history of evangelicalism | |
| 500 | _aOriginalmente publicado: 2013. | ||
| 501 | _aIncluye índice (páginas 267- 283) | ||
| 504 | _aBibliografía (páginas 249- 266) | ||
| 505 | 0 | _aEl cristianismo evangélico en perspectiva global -- Evangélicos, evangélicos conservadores y fundamentalistas -- Misión, evangelismo y renacimiento: la globalización de las redes evangélicas -- Erudición, la Biblia y la predicación -- Defendiendo la fe en un clima cultural cambiante -- Misión cristiana y justicia social: Lausana 1974 y el desafío del mundo mayoritario -- El fermento del espíritu: nuevos movimientos carismáticos y pentecostales -- Hermenéutica, género y ética sexual -- El evangelismo: ¿difusión o desintegración? | |
| 650 | 0 |
_aProtestantismo _9947 |
|
| 653 | _aEvangelicalismo -- Historia | ||
| 906 |
_a7 _bcbc _corignew _d1 _eecip _f20 _gy-gencatlg |
||
| 942 | _cBK | ||